01205nam a2200349 i 4500001000300000003000400003005001700007008003900024015001800063020001500081020001500096040001400111041000800125080000800133080001200141100004500153245006600198250001300264260005500277300003600332490007400368500003300442504003200475521006400507650002500571655003000596658001500626700004000641710004100681830003500722856009800757bgBPK20220111141509.0980922s1998 pl a f |001 0 pol aPB 1998/12416 a8320423279 a8320423287 aWA NcBPK0 apol a517 a(075.8)1 aŻakowski, Wojciechd(1929-1993)eAutor10aMatematyka.nCz. 1 /cWojciech Żakowski, Grzegorz Decewicz. aWyd. 16. aWarszawa :bWydawnictwa Naukowo-Techniczne,c1998. a256 s. :brys., wykr. ;c24 cm.1 aPodręczniki Akademickie. Elektronika, Informatyka, Telekomunikacja. aNagroda Główna Atena '94. aBibliogr. s. 251. - Indeks.8 aDla kierunków elektroniki, informatyki i telekomunikacji. 4aAnaliza matematyczna 4aPodręczniki akademickie aMatematyka1 aDecewicz, Grzegorzd(1943- )eAutor2 aWydawnictwa Naukowo-Techniczne4pbl. 0aPodręczniki AkademickiepEIT uhttp://koha.tu.koszalin.pl/cgi-bin/koha/opac-detail.pl?biblionumber=44116yKatalog online BPK